000
00313nam a2200145 a 4500
003
DLC
005
20210219152717.0
035
_a
UPN01000059413
245
0
0
_a
ART ET THERAPIE
260
_a
Francia :
_b
Centre National des Lettres
310
_a
Semestral
653
0
_a
ARTE
653
0
_a
TERAPIA
905
_a
Revista
999
_c
59398
_d
59398